MIGLIOR FORMAZIONE DEI MONDIALI DAL 1990 AD OGGI - Statistics

Statistiche generali
  • Questo quiz è stato fatto 784 volte
  • Il punteggio medio è 51 su 99
Statistiche sulle risposte
ANNO NAZIONE RUOLO Risposta % Corretto
2022 ARGENTINA POR EMILIANO MARTINEZ
95%
2022 MAROCCO TER DX HAKIMI
94%
2022 ARGENTINA ALA DX MESSI
93%
2014 ARGENTINA AD MESSI
93%
2022 FRANCIA ALA SX MBAPPE
91%
2018 FRANCIA AD MBAPPE
91%
2022 CROAZIA CEN MODRIC
91%
2018 CROAZIA CC MODRIC
91%
2006 ITALIA POR BUFFON
84%
2022 FRANCIA TER SX THEO HERNANDEZ
82%
2006 ITALIA DC CANNAVARO
81%
2002 BRASILE ATT RONALDO
81%
1998 BRASILE ATT RONALDO
81%
2006 FRANCIA CC ZIDANE
81%
1998 FRANCIA CC ZIDANE
81%
2018 BELGIO POR COURTOIS
80%
2014 GERMANIA POR NEUER
79%
2006 ITALIA CC PIRLO
79%
2006 ITALIA TRQ TOTTI
78%
2010 SPAGNA POR CASILLAS
77%
2018 INGHILTERRA ATT KANE
77%
2014 BRASILE AS NEYMAR
77%
2022 CROAZIA DIF CEN GVARDIOL
76%
2006 ITALIA TS GROSSO
75%
2010 SPAGNA CC INIESTA
75%
2018 BELGIO CC DE BRUYNE
73%
2006 ITALIA TD ZAMBROTTA
72%
2006 ITALIA CC GATTUSO
70%
2018 BELGIO AS HAZARD
69%
2014 COLOMBIA CC JAMES RODRIGUEZ
69%
2006 GERMANIA ATT KLOSE
69%
2002 GERMANIA ATT KLOSE
69%
2014 GERMANIA TRQ MULLER
69%
2010 GERMANIA TRQ MULLER
69%
2010 SPAGNA DC PUYOL
66%
2014 BRASILE DC THIAGO SILVA
66%
2022 FRANCIA TRQ GRIEZMANN
65%
2022 ARGENTINA CEN ENZO FERNANDEZ
64%
2010 SPAGNA DC PIQUE
64%
2010 OLANDA AD ROBBEN
62%
2002 BRASILE TRQ RONALDINHO
62%
2014 BRASILE TS MARCELO
61%
2010 SPAGNA ATT VILLA
61%
2014 BRASILE DC DAVID LUIZ
60%
2006 FRANCIA ATT HENRY
60%
2018 FRANCIA TD PAVARD
59%
2018 FRANCIA CC KANTE
58%
2022 MAROCCO CEN AMRABAT
57%
2014 GERMANIA DC HUMMELS
57%
2002 BRASILE TS ROBERTO CARLOS
57%
1998 BRASILE TS ROBERTO CARLOS
57%
2014 GERMANIA CC KROOS
56%
2006 FRANCIA DC THURAM
56%
1998 FRANCIA TD THURAM
56%
2002 GERMANIA POR KAHN
55%
2010 URUGUAY AS FORLAN
53%
2010 OLANDA TRQ SNEIJDER
53%
1994 ITALIA ATT BAGGIO
52%
1994 ITALIA DC MALDINI
52%
1990 ITALIA TS MALDINI
52%
2018 FRANCIA DC VARANE
52%
2002 BRASILE TRQ RIVALDO
49%
1998 BRASILE TRQ RIVALDO
49%
1990 ARGENTINA TRQ MARADONA
41%
1990 ITALIA DC BARESI
40%
1998 FRANCIA POR BARTHEZ
40%
2002 SPAGNA DC HIERRO
38%
2014 ARGENTINA CC DI MARIA
37%
2010 BRASILE TD MAICON
36%
2002 GERMANIA CC BALLACK
34%
1990 ITALIA ATT SCHILLACI
34%
1994 ROMANIA CC HAGI
33%
1990 GERMANIA CC MATTHAUS
31%
2018 CROAZIA DC LOVREN
30%
1994 BRASILE AS ROMARIO
30%
1998 CROAZIA ATT SUKER
30%
2018 INGHILTERRA TS TRIPPIER
26%
2002 INGHILTERRA DC CAMPBELL
23%
2022 MAROCCO CEN OUNAHI
20%
1994 BULGARIA AD STOICKOV
20%
1998 OLANDA TRQ BERGKAMP
19%
1998 OLANDA CC DAVIDS
14%
1990 CAMERUN ATT MILLA
14%
1994 BRASILE CC DUNGA
12%
1990 GERMANIA TD BREHME
11%
1990 GERMANIA ATT KLINSMANN
11%
2010 GERMANIA TS LAMH
11%
1998 OLANDA DC DE BOER
10%
1994 BELGIO POR PREUD'HOMME
10%
1990 INGHILTERRA TRQ GASCOIGNE
6%
1994 SVEZIA CC BROLIN
5%
2002 SENEGAL AD DIOUF
5%
1998 FRANCIA DC DESALLY
3%
1990 ARGENTINA POR GOYCOCHEA
3%
1994 BULGARIA CC BALAKOV
2%
1994 BRASILE DC JORGINHO
2%
1994 BRASILE DC SANTOS
2%
1990 YOGOSLAVIA CC STOJKOVIC
2%
2002 Corea del Sud TD MYUNG BO
1%
Nessun quiz corrispondente trovato
Distribuzione punteggi
Percentuale di utenti per punteggio
Percentile per numero di risposta
I tuoi punteggi nel tempo
Non hai fatto questo quiz